| 000 | 00511nam a2200181Ia 4500 | ||
|---|---|---|---|
| 005 | 20250423101643.0 | ||
| 008 | 250422s9999 xx 000 0 und d | ||
| 020 | _a978-3-642-20422-7 | ||
| 050 | _aQ 325 .V52/ | ||
| 100 | _aDeffuant, Guillaume | ||
| 245 | 0 | _aViability and resilience of complex systems : concepts, methods case studies from ecology and society | |
| 260 | _aNew York | ||
| 260 | _bSpringer Heidelberg Dordrecht | ||
| 260 | _c2011 | ||
| 300 | _a221 p | ||
| 650 | _aGraphic | ||
| 942 | _cBK | ||
| 999 |
_c36880 _d36880 |
||